000 00387nam a2200133Ia 4500
008 220217s9999||||xx |||||||||||||| ||und||
020 _a81-297-0649-0
082 _a005.13 MCM
100 _aMcmonnies, Alistair
245 0 _aObject orianted programming in visual basic .Net
260 _aPearson education of asia
_bDelhi
_c2004
300 _b375
650 _aPROGRAMMING LANGUAGE
999 _c173504
_d173504